Elenca la formazione - Quiz n°182 - Statistics

Statistiche generali
  • Questo quiz è stato fatto 102 volte
  • Il punteggio medio è 9 su 11
Statistiche sulle risposte
Ruolo Nazione Calciatore % Corretto
Attaccante Italia Ciro Immobile
93%
Centrocampista Serbia Sergej Milinković-Savić
88%
Centrocampista Spagna Luis Alberto
87%
Portiere Italia Ivan Provedel
84%
Difensore Italia Alessio Romagnoli
81%
Difensore Montenegro Adam Marušić
80%
Attaccante Brasile Felipe Anderson
80%
Attaccante Italia Mattia Zaccagni
79%
Difensore Albania Elseid Hysaj
78%
Centrocampista Uruguay Matías Vecino
76%
Difensore Spagna Patric
58%
Nessun quiz corrispondente trovato
Distribuzione punteggi
Percentuale di utenti per punteggio
Percentile per numero di risposta
I tuoi punteggi nel tempo
Non hai fatto questo quiz